01030njm a2200253Ia 450000100060000000300090000600500170001500800410003204000130007304000130008604100120009910000110011110000180012210000380014024500110017825000110018926000090020026000630020930000170027230000290028950000150031850503960033365000470072925556IT-RoPAU20220918181116.0131025s9999 xx 000 0 und d aIT-RoPAU cIT-RoPAU aINGLESE aAA.VV. eAutore musica gCodice autore musica SPICS: 12000 aMixage a1a ed. aROMA bSPICS RECORDSc1984 [1a Ed.:1984 - Ed. Lingua Orig.: 1984] aMUSICASSETTA c46 minuti (Testo: pag.) aMusica pop aGuardian Angel (Masquesrade) - Novecento (Movin'on) - Just For Tonight (Gilbert Montagné) - Stand By Every Breath (Pink Project) - Decameron (Showther) - Self Control (B Staff) - Street Dance (Break Machine) - Turbo Diesel (Albert One) - La Colegiala (Son Caribe) - Don't Cry (Savage) - Big In Japan (Steve Jones) - Alone Again (Stefano Pulga) - Sandstorm (La Bionda) - Coming Home (Mal) aPOP [CASSETTE]eCodice MATERIA SPICS: 9951